000 00445nam a22001817a 4500
003 CEME
005 20210628203316.0
008 210302b xxu||||| |||| 00| 0 eng d
020 _a0-07-451914-X
040 _c.
082 _a670.427 SIN
100 _aSingh, S.K
_926381
245 _aIndustrial instrumentation and control
260 _aNEW DELHI
_c2002
300 _a295P
650 _aINSTRUMENTATION CONTROL
_964621
942 _cBK
_2ddc
999 _c573057
_d573057